Gli occhi della notte /
Guardat en:
| Altres autors: | , , , , , , |
|---|---|
| Format: | |
| Idioma: | italià |
| Publicat: |
Italia :
Warner home video,
c1995
|
| Col·lecció: | Gli scudi
|
| Etiquetes: |
Sense etiquetes, Sigues el primer a etiquetar aquest registre!
|
MARC
| LEADER | 00000ngm a22000007i 4500 | ||
|---|---|---|---|
| 001 | IT\ICCU\UBO\1267737 | ||
| 003 | ItRI | ||
| 005 | 20260124182831.0 | ||
| 008 | 010419s1995 it |||||||||||||||k|||||c | ||
| 028 | 4 | 2 | |a PIV 11080 |
| 040 | |b ita | ||
| 041 | 7 | |a ita |2 ISO-639-2 | |
| 245 | 0 | 4 | |a Gli occhi della notte / |c directed by Terence Young ; music by Henry Mancini ; based on the play by Frederick Knott ; screenplay by Robert & Jane-Howard Carrington. |
| 260 | |a Italia : |b Warner home video, |c c1995 | ||
| 300 | |a 1 videocassetta (VHS) (ca. 108 min.) : |b color. (PAL), son | ||
| 500 | |a Interpreti: Audrey Hepburn, Alan Arkin | ||
| 500 | |a Prodotto da Mel Ferrer | ||
| 500 | |a Ripr. del film del 1967 | ||
| 500 | |a Vietato ai minori di anni 14 | ||
| 500 | |a Descrizione basata sul contenitore. | ||
| 700 | 1 | |a Hepburn, Audrey |0 IT\ICCU\RAVV\088435 | |
| 700 | 1 | |a Arkin, Alan, |d (1934-2023) |0 IT\ICCU\RAVV\088454 | |
| 700 | 1 | |a Mancini, Henry |0 IT\ICCU\RAVV\088961 | |
| 700 | 1 | |a Young, Terence |0 IT\ICCU\UBOV\045366 | |
| 700 | 1 | |a Howard-Carrington, Robert |0 IT\ICCU\UBOV\490417 | |
| 700 | 1 | |a Howard-Carrington, Jane |0 IT\ICCU\UBOV\490418 | |
| 700 | 1 | |a Knott, Frederick |0 IT\ICCU\UBOV\490419 | |
| 830 | 4 | |a Gli scudi |0 IT\ICCU\UFI\0113162 | |
| 942 | |2 ddc |c VM |n 0 | ||
| 952 | |0 0 |1 0 |4 0 |6 VO_2016_000000000000000 |7 0 |9 26927 |a BO |b BO |d 2026-01-24 |i 16903 |l 0 |o VO 2016 |p BO16903 |r 2026-01-24 18:28:31 |w 2026-01-24 |x [Sebina 5] [1 videocassetta] |y VM |z 1 videocassetta | ||
| 999 | |c 22777 |d 22777 | ||